Criminal Procedure Code (F.M.S. cap 6), Penal Code (F.M.S. cap 45), Evidence Act (Act 56) : all amendments up to June, 1996

Bibliographic Details
Corporate Author: MALAYSIA
Format: Book
Published: Kuala Lumpur : MDC Publishers Printers , 1996
Series:Laws of Malaysia
Subjects:

MARC

LEADER 00000cam a2200000 7i4500
001 0000000622
005 20001019.0
020 0 0 |a 967700428X 
090 0 0 |a R345.59505   |b MAL 1996 
110 1 0 |a MALAYSIA 
245 1 0 |a Criminal Procedure Code (F.M.S. cap 6), Penal Code (F.M.S. cap 45), Evidence Act (Act 56) :   |b all amendments up to June, 1996 
260 0 0 |a Kuala Lumpur :   |b MDC Publishers Printers ,   |c 1996 
300 |a xviii, 422 p. ;   |c 26 cm. 
440 0 0 |a Laws of Malaysia 
650 0 0 |a Criminal law   |z Malaysia 
650 0 0 |a Criminal procedure   |z Malaysia 
650 0 0 |a Evidence (Law)   |z Malaysia 
745 0 0 |a Malaysia   |x Akta Keterangan 1950 
745 0 0 |a Malaysia   |x Penal Code 
999 |a 0000001865   |b Monograph   |c Reference   |e Default branch